Modelovanie dopytu po práci pomocou CGE modelu
Gespeichert in:
| 1. Verfasser: | |
|---|---|
| Körperschaft: | |
| Format: | Buch |
| Sprache: | Slowakisch |
| Veröffentlicht: |
Bratislava
2011
|
| Schlagworte: | |
| Tags: |
Keine Tags, Fügen Sie das erste Tag hinzu!
|
MARC
| LEADER | 00000nam$a2200000$$$4500 | ||
|---|---|---|---|
| 001 | 0144468 | ||
| 005 | 20240502072606.0 | ||
| 041 | 0 | |a slo | |
| 044 | |a SK | ||
| 245 | 1 | 0 | |a Modelovanie dopytu po práci pomocou CGE modelu |c Ivan Lichner |
| 264 | 1 | |a Bratislava |c 2011 | |
| 300 | |a 13 s. [1 AH] | ||
| 610 | 2 | 0 | |a modelovanie |
| 610 | 2 | 0 | |a funkcie produkčné |
| 610 | 2 | 0 | |a trh práce |
| 610 | 2 | 0 | |a dopyt po práci |
| 610 | 2 | 0 | |a rovnováha |
| 610 | 2 | 0 | |a modely dopytu |
| 610 | 2 | 0 | |a modely obchodu zahraničného |
| 100 | 1 | |a Lichner, Ivan | |
| 710 | 2 | |a Fakulta hospodárskej informatiky EU. Katedra operačného výskumu a ekonometrie | |